| 000 -LEADER |
| fixed length control field |
01030nam a22001937a 4500 |
| 005 - DATE AND TIME OF LATEST TRANSACTION |
| control field |
20260123082956.0 |
| 008 - FIXED-LENGTH DATA ELEMENTS--GENERAL INFORMATION |
| fixed length control field |
230718b ||||| |||| 00| 0 eng d |
| 040 ## - CATALOGING SOURCE |
| Transcribing agency |
SSBUL |
| Modifying agency |
SSBUL |
| 082 ## - DEWEY DECIMAL CLASSIFICATION NUMBER |
| Edition number |
23 |
| Classification number |
၇၈၂.၄၂ မင်း ၁၆၀၂၆ (S-SAT) |
| 100 0# - MAIN ENTRY--PERSONAL NAME |
| Personal name |
မင်းလဲ့ရီ၊ |
| Titles and words associated with a name |
ဒေါက်တာ။ |
| 9 (RLIN) |
28121 |
| 245 10 - TITLE STATEMENT |
| Title |
ကျေးလက်အလှသုခုမ / |
| Statement of responsibility, etc. |
ဒေါက်တာမင်းလဲ့ရီ။ |
| 260 ## - PUBLICATION, DISTRIBUTION, ETC. |
| Place of publication, distribution, etc. |
ရန်ကုန်၊ |
| Name of publisher, distributor, etc. |
အောင်တံခွန် ပုံနှိပ်တိုက်၊ |
| Date of publication, distribution, etc. |
၂၀၀၇။ |
| 300 ## - PHYSICAL DESCRIPTION |
| Extent |
၃၁၆ စာမျက်နှာ၊ |
| Other physical details |
ဓာတ်ပုံ၊ |
| Dimensions |
၁၈ စင်တီ။ |
| 440 ## - SERIES STATEMENT/ADDED ENTRY--TITLE |
| Title |
နိုင်ငံဂုဏ်ရည် စာစဉ် |
| Volume/sequential designation |
၅၁။ |
| 9 (RLIN) |
28122 |
| 500 ## - GENERAL NOTE |
| General note |
ကျမ်းကိုးစာရင်းပါရှိသည်။ |
|
| General note |
S-SAT: Dr. Prof Sai Aung Tun |
| 650 ## - SUBJECT ADDED ENTRY--TOPICAL TERM |
| Topical term or geographic name entry element |
ရိုးရာတေးသီချင်း |
| Geographic subdivision |
မြန်မာ။ |
| 9 (RLIN) |
28123 |
| 942 ## - ADDED ENTRY ELEMENTS (KOHA) |
| Source of classification or shelving scheme |
|
| Koha item type |
Book (Short term) |